Famous Football Comebacks #1 - Statistics

General Stats
  • This quiz has been taken 14 times
  • The average score is 6 of 10
Answer Stats
Picture Answer % Correct
Barcelona 6-1 Paris Saint-Germain
91%
Liverpool 4-0 Barcelona
82%
Manchester City 3-2 Queen's Park Rangers
64%
Real Madrid 4-1 Atletico Madrid
64%
Ajax 2-3 Tottenham Hotspur
55%
Manchester United 2-1 Bayern München
55%
Milan 3-3 Liverpool
55%
Roma 3-0 Barcelona
55%
Real Madrid 3-1 Manchester City
36%
Real Madrid 3-0 Wolfsburg
0%
No matching quizzes found
Score Distribution
Percent of People with Each Score
Percentile by Number Answered
Your Score History
You have not taken this quiz